000 01593cam a22004574i 4500
003 PE-LiUPU
005 20250731173321.0
008 150625s2000 enk rb 000 0 eng d
020 _a1842270427
035 _a(Sirsi) i9781842270424
040 _aPE-LiUPU
_bspa
_cPE-LiUPU
_erda
049 _aPRUA
082 0 4 _a266
_bG96
_221
100 1 _aGuthrie, Stan,
_eautor.
245 1 0 _aMissions in the third millennium :
_b21 key trends for the 21 st century /
_cStan Guthrie.
264 1 _aCarlisle :
_bPaternoster,
_c2000.
300 _a225 páginas ;
_c20 centímetros
336 _atext
_2rdacontent
337 _aunmediated
_2rdamedia
338 _avolume
_2rdacarrier
504 _aCon notas bibliográficas.
505 0 _aThe home arena -- The strategic arena -- Theorerseas church arena -- The global arena.
526 _aSEG42
526 _aSEG41
526 _aSEG40
526 _aSEG39
526 _aP94
526 _aP87
526 _aP86
526 _aP85
526 _aP77
526 _aP76
526 _aP35
650 0 4 _aMisiones.
942 _2ddc
_cBOOK
949 _a266 G96
_wDEWEY
_c1
_i57491
_d2016-1-4
_e2015-12-30
_lCCODEBUL1
_mBUL
_n1
_p18.00
_r0
_sY
_tBOOK
_u2015-6-25
_xTEOLOGIA
_PP35
_0COMPRA
_o.STAFF. Colección General
994 _aC0
_bPEPRU
596 _a1
999 _a266 G96
_wDEWEY
_c46522
_i57491
_d46522
_e2015-12-30
_f2021-11-10
_g5
_lCCODEBUL1
_mBUL
_n1
_p18.00
_q2
_r0
_sY
_tBOOK
_u2015-6-25
_xTEOLOGIA
_PP35
_0COMPRA
_o.STAFF. Colección Teología
980 _81
_gALBERTO SANCHEZ Responsable de Automatización